Sustainable development report (Record no. 117054)

MARC details
000 -LEADER
fixed length control field 01320cam a2200241 4500
001 - CONTROL NUMBER
control field WB4008-03
008 - FIXED-LENGTH DATA ELEMENTS--GENERAL INFORMATION
fixed length control field 040225n2004 000 0 eng u
035 ## - SYSTEM CONTROL NUMBER
System control number (Sirsi) u125229
245 ## - TITLE STATEMENT
Title Sustainable development report
260 ## - PUBLICATION, DISTRIBUTION, ETC.
Date of publication, distribution, etc. 2004
490 ## - SERIES STATEMENT
Series statement Scottish Executive Press Release
Volume/sequential designation (SEen802/2004) 25 February 2004 (2)
520 ## - SUMMARY, ETC.
Summary, etc. Second annual progress report on Scotland's indicators of sustainable development warns that there are areas where long-term action by government and changes in public attitude are needed to make a difference. Positive steps are highlighted towards long-term improvement with higher employment figures and a rise in the number of households recycling their waste. Challenges include the increases in electricity consumption and road use. For the "Indicators of sustainable development for Scotland progress report 2004": http://www.scotland.gov.uk/library5/environment/sd in-00.asp For the Scottish Executive News Release: http://www.scotland.gov.uk/pages/news/2004/02/SEen 802.aspx
590 ## - LOCAL NOTE (RLIN)
Local note WB
590 ## - LOCAL NOTE (RLIN)
Local note WB
650 ## - SUBJECT ADDED ENTRY--TOPICAL TERM
Topical term or geographic name entry element SCOTLAND
650 ## - SUBJECT ADDED ENTRY--TOPICAL TERM
Topical term or geographic name entry element SUSTAINABLE DEVELOPMENT
650 ## - SUBJECT ADDED ENTRY--TOPICAL TERM
Topical term or geographic name entry element SUSTAINABLE DEVELOPMENT INDICATORS
650 ## - SUBJECT ADDED ENTRY--TOPICAL TERM
Topical term or geographic name entry element RECYCLING
650 ## - SUBJECT ADDED ENTRY--TOPICAL TERM
Topical term or geographic name entry element ELECTRICITY CONSUMPTION
650 ## - SUBJECT ADDED ENTRY--TOPICAL TERM
Topical term or geographic name entry element ROAD USE
690 ## - LOCAL SUBJECT ADDED ENTRY--TOPICAL TERM (OCLC, RLIN)
Topical term or geographic name as entry element DEVELOPMENT-SUSTAINABLE
942 ## - ADDED ENTRY ELEMENTS (KOHA)
Suppress in OPAC 0
Holdings
Withdrawn status Lost status Source of classification or shelving scheme Damaged status Not for loan Home library Current library Shelving location Date acquired Total Checkouts Full call number Barcode Date last seen Copy number Price effective from Koha item type
    Dewey Decimal Classification     London London News article 25/02/2004   WB4008-03 125229-1001 06/08/2019 1 06/08/2019 News article